Bezpečnosť Unixu

Guardado en:
Detalles Bibliográficos
Autor principal: Verkin, Daniel (Autor)
Otros Autores: Fodrek, Peter (Orientador)
Formato: Manuscrito Libro
Lenguaje:eslovaco
Publicado: 2017
Materias:
Acceso en línea:http://is.stuba.sk/zp/portal_zp.pl?podrobnosti=131020
Etiquetas: Agregar Etiqueta
Sin Etiquetas, Sea el primero en etiquetar este registro!

MARC

LEADER 00000ntm a22000003a 4500
001 stuzp60887
003 SK-STU
005 20170626133443.6
007 ta
008 150427s2015----xo-----f-mn---000-0-slo-d
040 |a STU  |b slo 
041 0 |a slo 
044 |a xo 
100 1 |a Verkin, Daniel  |u 031000  |4 aut  |U FEI Fakulta elektrotechniky a informatiky  |T FEI Ústav robotiky a kybernetiky  |X 5868  |U E011  |Y 356  |7 A000005868 
242 0 1 |a Unix Security  |y eng 
245 1 0 |a Bezpečnosť Unixu 
260 |c 2017 
300 |a 100 s.,   |b CD-ROM 
650 4 |a Bezpečnosť  |2 slo 
650 4 |a Unix  |2 slo 
650 4 |a Linux  |2 slo 
650 4 |a iptables  |2 slo 
650 4 |a openvpn  |2 slo 
650 4 |a openssh  |2 slo 
650 4 |a NMAP  |2 slo 
650 4 |a NMAP  |2 eng 
650 4 |a Security  |2 eng 
650 4 |a Unix  |2 eng 
650 4 |a Linux  |2 eng 
650 4 |a iptables  |2 eng 
650 4 |a openvpn  |2 eng 
650 4 |a openssh  |2 eng 
700 1 |a Fodrek, Peter  |u 031000  |k Z1  |4 ths  |U FEI Fakulta elektrotechniky a informatiky  |T FEI Ústav robotiky a kybernetiky  |X 4968  |U E011  |Y 356  |7 A000004968 
856 4 |u http://is.stuba.sk/zp/portal_zp.pl?podrobnosti=131020 
996 |b 284EP11587  |c E*DIPL- 11587  |l EE31  |s P  |a 0  |w stuzp60887_0001